000 00355nam a2200109Ia 4500
008 220214s9999 xx 000 0 und d
245 0 _aIndian Society for nuclear technology in agriculture and biology
260 _bNuclear Research Laboratory
_aNew Delhi
500 _aEnding Volume & Year: 3, 1974
500 _aStarting Volume & Year: 1, 1972
942 _cBJ
999 _c7880
_d7880